Smallest Cities with Metro - Statistics

General Stats
  • This quiz has been taken 114 times
  • The average score is 12 of 20
Answer Stats
Population Country City % Correct
1,180,000 Norway Oslo
89%
1,430,000 Czechia Prague
88%
1,290,000 Finland Helsinki
87%
1,300,000 Bulgaria Sofia
85%
1,330,000 Georgia Tbilisi
81%
1,490,000 Armenia Yerevan
79%
424,512 Switzerland Lausanne
61%
1,300,000 France Lille
61%
578,000 Italy Genoa
59%
1,040,000 France Toulouse
59%
345,821 Spain Bilbao
57%
1,470,000 United Kingdom Newcastle
55%
1,400,000 Ukraine Dnipro
46%
1,210,000 Germany Nuremberg
46%
1,260,000 Russia Kazan
43%
333,099 France Rennes
43%
311,584 Italy Catania
38%
198,536 Italy Brescia
37%
1,310,000 Russia Samara
31%
1,490,000 Japan Sendai
25%
No matching quizzes found
Score Distribution
Percent of People with Each Score
Percentile by Number Answered
Your Score History
You have not taken this quiz